000 00417nam a2200181Ia 4500
005 20240823043305.0
008 240823s9999||||xx |||||||||||||| ||und||
041 _aENGLISH
082 _A372.43 N4
100 _a"Graham,King"
245 0 _aSay it Right
250 _a1st
260 _c1994
_b"Mandarin,London"
500 _aTransfered
650 _aLetters
_bManagement Studies
942 _cBK
999 _c209888
_d209888